[Event "4NCL Division Three East"]
[Site "Warwick, ENG"]
[Date "2023.02.11"]
[Round "5.45"]
[White "Smith, Graham"]
[Black "Taylor, Alistair"]
[Result "0-1"]
[WhiteElo "1914"]
[BlackElo "1888"]
[PlyCount "118"]
[EventDate "2023.02.11"]
[WhiteTeam "MK Phoenix 1"]
[BlackTeam "Watford A"]

1. e4 e5 2. Nc3 Nc6 3. Bc4 Nf6 4. d3 Bb4 5. Nge2 d5 6. exd5 Nxd5 7. O-O Be6 8.
Bb3 O-O 9. a3 Be7 10. Nxd5 Bxd5 11. Bxd5 Qxd5 12. Nc3 Qd7 13. Be3 f5 14. f4
exf4 15. Bxf4 Bf6 16. Qf3 Rad8 17. Rae1 g5 18. Qg3 Qg7 19. Bc1 Nd4 20. Qf2 h6
21. Kh1 f4 22. Ne4 b6 23. Nxf6+ Qxf6 24. Re4 c5 25. b4 Rfe8 26. Rfe1 Rxe4 27.
Rxe4 f3 28. g3 Ne2 29. Rxe2 fxe2 30. Qxf6 e1=Q+ 31. Kg2 Qe2+ 32. Kh3 Qh5+ 33.
Kg2 Rf8 34. Qe6+ Qf7 35. Qe2 Re8 36. Qf3 Qxf3+ 37. Kxf3 cxb4 38. axb4 b5 39.
Be3 a6 40. Bc5 Kf7 41. h4 gxh4 42. gxh4 Kg6 43. Kg4 Re2 44. h5+ Kf7 45. c3 Rg2+
46. Kf4 Rg5 47. c4 Rxh5 48. cxb5 axb5 49. d4 Ke6 50. Kg4 Rh1 51. Kg3 Kd5 52.
Kg4 Rd1 53. Kh5 Rxd4 54. Kxh6 Rg4 55. Kh5 Rg8 56. Kh4 Kc4 57. Kh3 Kb3 58. Kh4
Ra8 59. Kg3 Ra4 0-1

[Event "4NCL Division Three East"]
[Site "Warwick, ENG"]
[Date "2023.02.11"]
[Round "5.46"]
[White "Vig, Sanjay"]
[Black "Valentine, Brian J"]
[Result "0-1"]
[WhiteElo "1586"]
[BlackElo "1937"]
[PlyCount "44"]
[EventDate "2023.02.11"]
[WhiteTeam "Watford A"]
[BlackTeam "MK Phoenix 1"]

1. e4 e5 2. f4 d5 3. exd5 exf4 4. Nf3 Nf6 5. d4 Nxd5 6. Bc4 Be6 7. c3 Be7 8.
Bxd5 Qxd5 9. O-O g5 10. Ne5 Nc6 11. Qa4 b5 12. Qc2 Nxe5 13. dxe5 Qxe5 14. b4
O-O 15. Bb2 Rfd8 16. Qc1 Rd3 17. Re1 Qf5 18. a4 Rad8 19. Na3 bxa4 20. Nc2 c5
21. c4 Rd2 22. Na3 Qg4 0-1

[Event "4NCL Division Three East"]
[Site "Warwick, ENG"]
[Date "2023.02.11"]
[Round "5.51"]
[White "Hryshchenko, Kamila"]
[Black "Lee, Richard W Y"]
[Result "1-0"]
[WhiteElo "2139"]
[BlackElo "2108"]
[PlyCount "91"]
[EventDate "2023.02.11"]
[WhiteTeam "Hull & East Riding Tigers"]
[BlackTeam "Cambridge University 2"]

1. e4 e6 2. d3 d5 3. Nd2 c5 4. Ngf3 Nc6 5. g3 Nf6 6. Bg2 Be7 7. O-O O-O 8. Re1
Qc7 9. e5 Nd7 10. Qe2 b5 11. Nf1 a5 12. h4 b4 13. Bf4 Ba6 14. c4 bxc3 15. bxc3
Rab8 16. Rac1 Rb6 17. Ne3 Qb7 18. Rc2 Rb1 19. Rxb1 Qxb1+ 20. Kh2 a4 21. Bh3 Rd8
22. Rd2 Nf8 23. Rd1 Qb6 24. Ng2 Rb8 25. Bc1 Qa5 26. Qc2 Nd7 27. Re1 Qb5 28. Nf4
Nf8 29. h5 Qa5 30. h6 gxh6 31. Nh5 Qb5 32. Bf1 Nd7 33. Qd2 Bf8 34. Qf4 Qa5 35.
Bd2 Qc7 36. Qg4+ Kh8 37. Bf4 Rb2 38. Kg1 Qd8 39. c4 dxc4 40. dxc4 Nd4 41. Nxd4
cxd4 42. Rd1 Qc8 43. Rxd4 Rb7 44. Bd3 Rc7 45. Rxd7 Rxd7 46. Bxh7 1-0

[Event "4NCL Division Three East"]
[Site "Warwick, ENG"]
[Date "2023.02.11"]
[Round "5.52"]
[White "Starley, Robert"]
[Black "Varley, Joe"]
[Result "1-0"]
[WhiteElo "2013"]
[BlackElo "2024"]
[PlyCount "49"]
[EventDate "2023.02.11"]
[WhiteTeam "Cambridge University 2"]
[BlackTeam "Hull & East Riding Tigers"]

1. e4 c5 2. Nf3 e6 3. d4 cxd4 4. Nxd4 a6 5. Nc3 b5 6. a3 Bb7 7. Be2 Qc7 8. O-O
Bc5 9. Be3 Nf6 10. Ndxb5 axb5 11. Nxb5 Qb6 12. Bxc5 Qxc5 13. Nd6+ Ke7 14. Nxb7
Qc7 15. e5 Qxe5 16. b4 Ra7 17. Na5 Nc6 18. Nc4 Qc7 19. b5 Na5 20. b6 Qc5 21.
bxa7 Nxc4 22. Qb1 Nb6 23. Qb4 Kd6 24. Rfd1+ Kc6 25. Bb5+ 1-0

[Event "4NCL Division Three East"]
[Site "Warwick, ENG"]
[Date "2023.02.11"]
[Round "5.53"]
[White "Larchikov, Maksym"]
[Black "Chan, Nevil"]
[Result "0-1"]
[WhiteElo "2071"]
[BlackElo "2001"]
[PlyCount "74"]
[EventDate "2023.02.11"]
[WhiteTeam "Hull & East Riding Tigers"]
[BlackTeam "Cambridge University 2"]

1. d4 b6 2. e4 Bb7 3. Bd3 Nf6 4. Nd2 e6 5. Ngf3 c5 6. c3 Be7 7. O-O Nc6 8. Re1
d6 9. Rb1 Qc7 10. d5 exd5 11. exd5 Ne5 12. Nxe5 dxe5 13. c4 O-O 14. g4 g6 15.
g5 Ne8 16. Nf1 Bc8 17. Qe2 Bd6 18. Ng3 f5 19. gxf6 Nxf6 20. Bg5 Bh3 21. Be4
Rae8 22. Rbc1 Qd7 23. Rc3 Bg4 24. Qe3 Nh5 25. Bg2 Nxg3 26. fxg3 Bh3 27. Rcc1
Bxg2 28. Kxg2 Qg4 29. h3 Qd4 30. Qe2 e4 31. Rc3 Rf3 32. Re3 Bxg3 33. Qxf3 exf3+
34. Kxg3 Rxe3 35. Rxe3 h6 36. Bxh6 f2 37. Re8+ Kh7 0-1

[Event "4NCL Division Three East"]
[Site "Warwick, ENG"]
[Date "2023.02.11"]
[Round "5.54"]
[White "Atako, Chino C"]
[Black "Hodge, Steve R"]
[Result "1/2-1/2"]
[WhiteElo "2032"]
[BlackElo "2007"]
[PlyCount "81"]
[EventDate "2023.02.11"]
[WhiteTeam "Cambridge University 2"]
[BlackTeam "Hull & East Riding Tigers"]

1. d4 f5 2. Bg5 g6 3. Nc3 Bg7 4. h4 h6 5. Bf4 Nf6 6. e3 d6 7. Qf3 O-O 8. O-O-O
c6 9. Bc4+ d5 10. Bd3 Nbd7 11. Qg3 Qe8 12. f3 Nh5 13. Qf2 e5 14. Bh2 f4 15.
exf4 Nxf4 16. Bxf4 Rxf4 17. Qg3 Rxd4 18. Nge2 Nc5 19. Nxd4 Nxd3+ 20. cxd3 exd4
21. Rhe1 Qf8 22. Ne2 Bf5 23. Qf2 Qc5+ 24. Kb1 Qb5 25. Nc1 h5 26. Qe2 Rf8 27. g4
hxg4 28. fxg4 Bd7 29. Rf1 Re8 30. Qf3 Rf8 31. Qg3 c5 32. Rxf8+ Bxf8 33. h5 c4
34. hxg6 c3 35. Nb3 Qc6 36. Nxd4 Qa4 37. Qg1 Bg7 38. bxc3 Bxd4 39. cxd4 Qb4+
40. Ka1 Qc3+ 41. Kb1 1/2-1/2

[Event "4NCL Division Three East"]
[Site "Warwick, ENG"]
[Date "2023.02.11"]
[Round "5.55"]
[White "Vleeshhouwer, Douglas"]
[Black "Gooding, Ian"]
[Result "1-0"]
[WhiteElo "2010"]
[BlackElo "1941"]
[PlyCount "125"]
[EventDate "2023.02.11"]
[WhiteTeam "Hull & East Riding Tigers"]
[BlackTeam "Cambridge University 2"]

1. b3 e5 2. Bb2 Nc6 3. e3 d5 4. Bb5 f6 5. d4 Bd6 6. dxe5 fxe5 7. Bxc6+ bxc6 8.
Bxe5 Nf6 9. Bg3 O-O 10. Ne2 Ne4 11. O-O Bxg3 12. hxg3 Nxf2 13. Rxf2 Rxf2 14.
Nf4 Rxf4 15. exf4 Qf6 16. Nd2 Bf5 17. Nf3 Bxc2 18. Qd4 Re8 19. Ne5 Qd6 20. b4
a5 21. Rc1 Ba4 22. bxa5 Qa3 23. Qd2 Qxg3 24. Rc3 Qh4 25. Ra3 Bb5 26. a6 Qe7 27.
Qc1 Qb4 28. a7 Ra8 29. Nxc6 Bxc6 30. Qxc6 Qb6+ 31. Qxb6 cxb6 32. Kf2 Kf7 33.
Ra6 Ke7 34. Ke3 Kd7 35. a4 Kc7 36. a5 Kb7 37. Rxb6+ Kxa7 38. Rd6 Re8+ 39. Kf3
Re7 40. Rxd5 Ka6 41. Rh5 g6 42. Re5 Rb7 43. Kg4 Rb2 44. g3 Rh2 45. f5 Rh5 46.
Re6+ Kxa5 47. fxg6 hxg6 48. Rxg6 Rh1 49. Rc6 Kb5 50. Rc8 Rg1 51. Kf4 Rf1+ 52.
Kg5 Rh1 53. g4 Rg1 54. Kf5 Rf1+ 55. Kg6 Rg1 56. g5 Rg2 57. Kf6 Rf2+ 58. Kg7 Rg2
59. g6 Rg1 60. Kf7 Rf1+ 61. Kg8 Rg1 62. g7 Kb6 63. Rf8 1-0

[Event "4NCL Division Three East"]
[Site "Warwick, ENG"]
[Date "2023.02.11"]
[Round "5.56"]
[White "Webster, Peter A N"]
[Black "Collinson, Mark I"]
[Result "1/2-1/2"]
[WhiteElo "1937"]
[BlackElo "2002"]
[PlyCount "101"]
[EventDate "2023.02.11"]
[WhiteTeam "Cambridge University 2"]
[BlackTeam "Hull & East Riding Tigers"]

1. e4 c5 2. c3 d5 3. exd5 Qxd5 4. d4 Nf6 5. Nf3 Bg4 6. Nbd2 cxd4 7. Bc4 Qd6 8.
Qb3 Qb6 9. Bxf7+ Kd8 10. Nxd4 Qxb3 11. Bxb3 e5 12. Ne6+ Kd7 13. Nxf8+ Rxf8 14.
O-O Nc6 15. f3 Bf5 16. Rd1 Rad8 17. Nf1+ Kc7 18. Bg5 Na5 19. Ne3 Nxb3 20. axb3
Be6 21. c4 a6 22. Bh4 Kc6 23. Rxd8 Rxd8 24. Rd1 Rxd1+ 25. Nxd1 Kc5 26. Be1 b5
27. cxb5 axb5 28. b4+ Kc4 29. Bc3 e4 30. fxe4 Nxe4 31. Bxg7 Kxb4 32. Kf1 Kc4
33. Nc3 Nxc3 34. Bxc3 Kd3 35. Kf2 Ke4 36. Kg3 Kf5 37. Kh4 Kg6 38. g4 Bc4 39.
Kg3 h5 40. h4 hxg4 41. Kxg4 Be2+ 42. Kf4 Kh5 43. Be1 b4 44. Ke3 Bc4 45. Kd4 Bf7
46. Bxb4 Kxh4 47. Bd6 Kg4 48. b4 Be8 49. Kc5 Kf5 50. b5 Bxb5 51. Kxb5 1/2-1/2

[Event "4NCL Division Three East"]
[Site "Warwick, ENG"]
[Date "2023.02.11"]
[Round "5.61"]
[White "Walker, Martin G"]
[Black "Swanson, Stephen"]
[Result "1/2-1/2"]
[WhiteElo "2182"]
[BlackElo "2196"]
[PlyCount "54"]
[EventDate "2023.02.11"]
[WhiteTeam "Anglian Avengers 1"]
[BlackTeam "Poisoned Pawns"]

1. e4 d6 2. d4 Nf6 3. Nc3 e5 4. Nf3 Nbd7 5. Bc4 Be7 6. O-O O-O 7. dxe5 Nxe5 8.
Nxe5 dxe5 9. Qe2 c6 10. a4 a5 11. Bb3 Bc5 12. Be3 Qe7 13. Rad1 h6 14. f3 Nd7
15. Kh1 Bxe3 16. Qxe3 Nc5 17. Bc4 Be6 18. Bxe6 Nxe6 19. Ne2 Rfd8 20. b3 Qc5 21.
Qxc5 Nxc5 22. Nc3 Rxd1 23. Rxd1 Kf8 24. Kg1 Ke7 25. Kf2 Ne6 26. Rd2 g6 27. Nd1
Nd4 1/2-1/2

[Event "4NCL Division Three East"]
[Site "Warwick, ENG"]
[Date "2023.02.11"]
[Round "5.62"]
[White "Pickard, Charles"]
[Black "Lewis, Andrew P"]
[Result "0-1"]
[WhiteElo "2172"]
[BlackElo "2229"]
[PlyCount "72"]
[EventDate "2023.02.11"]
[WhiteTeam "Poisoned Pawns"]
[BlackTeam "Anglian Avengers 1"]

1. c4 g6 2. g3 Bg7 3. Bg2 e5 4. e4 Nc6 5. Nc3 d6 6. d3 Nge7 7. Nge2 O-O 8. O-O
Be6 9. h3 Qd7 10. Kh2 f5 11. f4 Rae8 12. Be3 Nd4 13. Bxd4 exd4 14. Nd5 Nc8 15.
exf5 gxf5 16. Ng1 Bf7 17. Qb3 c6 18. Nb4 d5 19. cxd5 c5 20. Nc2 Nb6 21. Rae1
Nxd5 22. Qa3 b6 23. b4 cxb4 24. Nxb4 Ne3 25. Bc6 Qd6 26. Bxe8 Rxe8 27. Qa4
Nxf1+ 28. Rxf1 Re3 29. Qb5 Qc5 30. a4 a5 31. Qxc5 bxc5 32. Na6 Rxd3 33. Nxc5
Rc3 34. Nd7 Rc2+ 35. Kh1 Bd5+ 36. Nf3 d3 0-1

[Event "4NCL Division Three East"]
[Site "Warwick, ENG"]
[Date "2023.02.11"]
[Round "5.63"]
[White "Kanellopoulos, Panayotis"]
[Black "Rosen, Daniel B"]
[Result "1/2-1/2"]
[WhiteElo "2272"]
[BlackElo "2070"]
[PlyCount "78"]
[EventDate "2023.02.11"]
[WhiteTeam "Anglian Avengers 1"]
[BlackTeam "Poisoned Pawns"]

1. c4 e5 2. g3 Nc6 3. Nc3 d6 4. d3 Be7 5. Bg2 f5 6. e4 Nf6 7. Nge2 O-O 8. O-O
fxe4 9. dxe4 Be6 10. Nd5 Qd7 11. f3 Nd8 12. b3 Nf7 13. Be3 c6 14. Nxe7+ Qxe7
15. Rc1 Rfd8 16. Nc3 d5 17. cxd5 cxd5 18. exd5 Nxd5 19. Nxd5 Bxd5 20. Qe2 b6
21. Rfe1 Qb7 22. Rc3 Rac8 23. Rec1 h6 24. Rxc8 Rxc8 25. Rxc8+ Qxc8 26. Kf2 Qc6
27. Bh3 Qf6 28. Qd1 Bc6 29. Bf1 Nd6 30. Bg2 Nf5 31. Qd3 Nd6 32. Qe2 Kh8 33. Kg1
Nf5 34. Kf2 Nd6 35. Bc1 Ne4+ 36. Kg1 Ng5 37. Bxg5 Qxg5 38. Kf2 Qf6 39. Kg1 Qd6
1/2-1/2

[Event "4NCL Division Three East"]
[Site "Warwick, ENG"]
[Date "2023.02.11"]
[Round "5.64"]
[White "Kemp, Paul R"]
[Black "Talsma, Paul"]
[Result "1-0"]
[WhiteElo "1952"]
[BlackElo "2195"]
[PlyCount "61"]
[EventDate "2023.02.11"]
[WhiteTeam "Poisoned Pawns"]
[BlackTeam "Anglian Avengers 1"]

1. e4 e5 2. Nf3 Nc6 3. d4 exd4 4. Bc4 Nf6 5. e5 d5 6. Bb5 Ne4 7. Nxd4 Bc5 8.
Be3 O-O 9. Nxc6 bxc6 10. Bxc5 Nxc5 11. Bxc6 Rb8 12. O-O Rxb2 13. Nc3 Ba6 14.
Re1 d4 15. Ne4 Ne6 16. Qh5 Rb6 17. Ba4 Bb7 18. Rad1 c5 19. Nd6 Bxg2 20. Bb3 Ba8
21. h4 Rxd6 22. exd6 Qxd6 23. Bxe6 fxe6 24. Qe5 Qd8 25. Qxe6+ Kh8 26. Qe7 Qc8
27. Rd3 Qf5 28. Rf1 Rg8 29. Rg3 Qxc2 30. Re1 d3 31. Qxg7+ 1-0

[Event "4NCL Division Three East"]
[Site "Warwick, ENG"]
[Date "2023.02.11"]
[Round "5.65"]
[White "Peck, Silas"]
[Black "McMahon, Paul"]
[Result "1/2-1/2"]
[WhiteElo "2075"]
[BlackElo "1915"]
[PlyCount "36"]
[EventDate "2023.02.11"]
[WhiteTeam "Anglian Avengers 1"]
[BlackTeam "Poisoned Pawns"]

1. e4 e5 2. Nf3 Nc6 3. Bc4 Bc5 4. c3 Nf6 5. d4 exd4 6. cxd4 Bb4+ 7. Bd2 Bxd2+
8. Nbxd2 d5 9. exd5 Nxd5 10. Qb3 Na5 11. Qa4+ c6 12. Bxd5 Qxd5 13. Rc1 Qb5 14.
Qa3 b6 15. Ne4 Nb7 16. Ne5 c5 17. dxc5 O-O 18. Nf6+ gxf6 1/2-1/2

[Event "4NCL Division Three East"]
[Site "Warwick, ENG"]
[Date "2023.02.11"]
[Round "5.66"]
[White "Judkins, Brian D"]
[Black "Sheerin, Alex"]
[Result "0-1"]
[WhiteElo "1793"]
[BlackElo "1946"]
[PlyCount "72"]
[EventDate "2023.02.11"]
[WhiteTeam "Poisoned Pawns"]
[BlackTeam "Anglian Avengers 1"]

1. e4 c5 2. Nf3 d6 3. d3 Nc6 4. g3 Nf6 5. Bg2 g6 6. O-O Bg7 7. c3 O-O 8. Re1
Rb8 9. a4 a6 10. Nbd2 Bd7 11. Qc2 b5 12. axb5 axb5 13. Nf1 Qb6 14. Ne3 e6 15.
Bd2 Rfc8 16. b3 Ne8 17. Ra2 Ra8 18. Rea1 Qb7 19. Rxa8 Rxa8 20. Ra2 Ra6 21. h4
Qa7 22. Rxa6 Qxa6 23. Kh2 Qa3 24. Bc1 Qa1 25. Bd2 Nc7 26. Bf1 Na6 27. Be2 h5
28. Kg2 Kf8 29. Ng5 b4 30. c4 Nd4 31. Qd1 Qb2 32. Nf3 Nxb3 33. Qc2 Qxc2 34.
Nxc2 Nxd2 35. Nxd2 Ba4 36. Bd1 Nb8 0-1

[Event "4NCL Division Three East"]
[Site "Warwick, ENG"]
[Date "2023.02.12"]
[Round "6.11"]
[White "Swanson, Stephen"]
[Black "Cooksey, Paul S"]
[Result "1/2-1/2"]
[WhiteElo "2196"]
[BlackElo "2284"]
[PlyCount "98"]
[EventDate "2023.02.12"]
[WhiteTeam "Poisoned Pawns"]
[BlackTeam "Crowthorne A"]

1. e4 c6 2. d3 d5 3. Nd2 e5 4. Ngf3 Bd6 5. g3 Nf6 6. Bg2 O-O 7. O-O Re8 8. h3
a5 9. Nh4 Bf8 10. Qf3 Be6 11. Re1 d4 12. Nf1 c5 13. Bg5 Nbd7 14. c4 b5 15. b3
a4 16. Qe2 h6 17. Bd2 Nb6 18. Nh2 Ra7 19. N2f3 Bd7 20. g4 Qa8 21. Rab1 axb3 22.
axb3 Ra2 23. Qd1 bxc4 24. bxc4 Ba4 25. Qc1 Nbd7 26. Bf1 Bc6 27. Ra1 Rb8 28.
Rxa2 Qxa2 29. Qa1 Rb2 30. Qxa2 Rxa2 31. Nf5 Ne8 32. Rb1 Kh7 33. Be2 g6 34. Ng3
Be7 35. Bd1 Ra3 36. Be2 Nd6 37. Bc1 Ra2 38. Kf1 Bd8 39. Bd1 Bc7 40. Nd2 Ra8 41.
Nb3 Rf8 42. Ra1 Bb6 43. Ke1 Rb8 44. Bd2 Nf8 45. f4 Nd7 46. f5 Rg8 47. Kf2 Bb7
48. Na5 Ra8 49. Ra4 Bxa5 1/2-1/2

[Event "4NCL Division Three East"]
[Site "Warwick, ENG"]
[Date "2023.02.12"]
[Round "6.12"]
[White "Webb, Richard M"]
[Black "Pickard, Charles"]
[Result "1/2-1/2"]
[WhiteElo "2190"]
[BlackElo "2172"]
[PlyCount "33"]
[EventDate "2023.02.12"]
[WhiteTeam "Crowthorne A"]
[BlackTeam "Poisoned Pawns"]

1. e4 c5 2. Nc3 Nc6 3. Bb5 g6 4. Bxc6 dxc6 5. d3 b6 6. f4 Nh6 7. Nf3 Bg7 8. O-O
f6 9. h3 Nf7 10. Be3 Qc7 11. a4 Bh6 12. Qd2 Bd7 13. Rae1 e5 14. fxe5 Bxe3+ 15.
Qxe3 Nxe5 16. Qh6 O-O-O 17. Qf4 1/2-1/2

[Event "4NCL Division Three East"]
[Site "Warwick, ENG"]
[Date "2023.02.12"]
[Round "6.13"]
[White "Rosen, Daniel B"]
[Black "Thompson, Ian D"]
[Result "1/2-1/2"]
[WhiteElo "2070"]
[BlackElo "2082"]
[PlyCount "80"]
[EventDate "2023.02.12"]
[WhiteTeam "Poisoned Pawns"]
[BlackTeam "Crowthorne A"]

1. e4 e6 2. d4 d5 3. Nc3 Bb4 4. Nge2 dxe4 5. a3 Bxc3+ 6. Nxc3 Nc6 7. Bb5 Nge7
8. Be3 O-O 9. Qd2 f5 10. Bxc6 Nxc6 11. O-O-O Qe7 12. f3 exf3 13. gxf3 e5 14.
dxe5 Be6 15. Qf2 Rf7 16. f4 Rd8 17. Rxd8+ Qxd8 18. Rd1 Rd7 19. Rxd7 Qxd7 20.
Qd2 Qxd2+ 21. Kxd2 a6 22. Ne2 Nd8 23. Nd4 Kf7 24. Bf2 b6 25. Bh4 Nb7 26. b4 c5
27. Nf3 h6 28. Bf2 Bd5 29. Ng1 g5 30. fxg5 hxg5 31. h4 gxh4 32. Bxh4 cxb4 33.
axb4 a5 34. bxa5 bxa5 35. Ne2 Nc5 36. Kc3 Ne6 37. Nd4 f4 38. Nxe6 Kxe6 39. Bf2
Kxe5 40. Kb2 Ke4 1/2-1/2

[Event "4NCL Division Three East"]
[Site "Warwick, ENG"]
[Date "2023.02.12"]
[Round "6.14"]
[White "Purdon, Colin"]
[Black "Kemp, Paul R"]
[Result "1/2-1/2"]
[WhiteElo "1963"]
[BlackElo "1952"]
[PlyCount "48"]
[EventDate "2023.02.12"]
[WhiteTeam "Crowthorne A"]
[BlackTeam "Poisoned Pawns"]

1. d4 d5 2. c4 c6 3. Nf3 Nf6 4. Nc3 e6 5. Bg5 h6 6. Bh4 dxc4 7. e4 g5 8. Bg3 b5
9. h4 g4 10. Ne5 h5 11. Be2 Bb7 12. O-O Nbd7 13. Qc2 Nxe5 14. Bxe5 Bg7 15. b3
cxb3 16. axb3 O-O 17. Rad1 Qe7 18. g3 a6 19. Bxf6 Qxf6 20. e5 Qh6 21. Ne4 c5
22. Nxc5 Bd5 23. Qd2 Rfd8 24. Qxh6 Bxh6 1/2-1/2

[Event "4NCL Division Three East"]
[Site "Warwick, ENG"]
[Date "2023.02.12"]
[Round "6.15"]
[White "McMahon, Paul"]
[Black "Duckers, Harvey L"]
[Result "1-0"]
[WhiteElo "1915"]
[BlackElo "2058"]
[PlyCount "79"]
[EventDate "2023.02.12"]
[WhiteTeam "Poisoned Pawns"]
[BlackTeam "Crowthorne A"]

1. e4 c5 2. Nf3 e6 3. c3 d5 4. exd5 exd5 5. d4 Nc6 6. Bb5 Bd6 7. dxc5 Bxc5 8.
O-O Nge7 9. Bf4 Bg4 10. Nbd2 O-O 11. Qc2 Ng6 12. Bg3 Rc8 13. Nb3 Bb6 14. Qd3 f5
15. Bxc6 bxc6 16. Ne5 Nxe5 17. Bxe5 f4 18. Nd2 Qd7 19. Nf3 Rce8 20. Rfe1 Re6
21. Bd4 Bf5 22. Qd2 Rh6 23. Bxb6 axb6 24. c4 Be6 25. Rad1 Qc7 26. Qc3 Rd8 27.
Ng5 Bg4 28. f3 Rg6 29. Re5 Bc8 30. cxd5 h6 31. Ne4 Bh3 32. g3 Qa7 33. Qb3 c5
34. d6+ Kh7 35. Kf2 fxg3+ 36. hxg3 Bd7 37. Qf7 Qa4 38. Nc3 Qc6 39. Re7 c4 40.
Ne4 1-0

[Event "4NCL Division Three East"]
[Site "Warwick, ENG"]
[Date "2023.02.12"]
[Round "6.16"]
[White "Tart, Peter K"]
[Black "Judkins, Brian D"]
[Result "1-0"]
[WhiteElo "1861"]
[BlackElo "1793"]
[PlyCount "49"]
[EventDate "2023.02.12"]
[WhiteTeam "Crowthorne A"]
[BlackTeam "Poisoned Pawns"]

1. e4 e5 2. Nf3 Nf6 3. d4 Nxe4 4. Bd3 d5 5. Nxe5 Be7 6. O-O O-O 7. Re1 Nf6 8.
Bg5 h6 9. Bh4 Be6 10. Nd2 Nbd7 11. Ng6 Re8 12. Nxe7+ Qxe7 13. f4 g6 14. c3 Nf8
15. f5 gxf5 16. Bxf5 Ng6 17. Bg3 Qd7 18. Rxe6 fxe6 19. Bxg6 Rf8 20. Nf3 Ne4 21.
Be5 Nf6 22. Qd2 Qg7 23. Nh4 c6 24. Rf1 Rad8 25. Qf4 1-0

[Event "4NCL Division Three East"]
[Site "Warwick, ENG"]
[Date "2023.02.12"]
[Round "6.21"]
[White "Smith, Olivia"]
[Black "Emerson, Roger"]
[Result "1/2-1/2"]
[WhiteElo "2054"]
[BlackElo "2184"]
[PlyCount "66"]
[EventDate "2023.02.12"]
[WhiteTeam "Rhyfelwyr Essyllwg"]
[BlackTeam "Guildford Castles"]

1. e4 c6 2. d4 d5 3. e5 c5 4. dxc5 Nc6 5. a3 e6 6. b4 a5 7. b5 Nxe5 8. Bb2 f6
9. Bxe5 fxe5 10. Qh5+ g6 11. Qxe5 Qf6 12. Qxf6 Nxf6 13. Nc3 Bxc5 14. Na4 Ba7
15. Nf3 Ne4 16. b6 Bd7 17. bxa7 Bxa4 18. Bd3 Nc5 19. O-O Rxa7 20. Rfe1 O-O 21.
Rab1 Nxd3 22. cxd3 Bc2 23. Rb6 Bxd3 24. Rexe6 Ra6 25. Ne5 Rxb6 26. Rxb6 Ba6 27.
Rd6 Bc4 28. Nd7 Rc8 29. Nb6 Rc6 30. Rxc6 bxc6 31. f3 Ba6 32. Kf2 d4 33. Nd7 Bb5
1/2-1/2

[Event "4NCL Division Three East"]
[Site "Warwick, ENG"]
[Date "2023.02.12"]
[Round "6.22"]
[White "Granat, Russell G"]
[Black "Brown, Thomas"]
[Result "0-1"]
[WhiteElo "2277"]
[BlackElo "2099"]
[PlyCount "76"]
[EventDate "2023.02.12"]
[WhiteTeam "Guildford Castles"]
[BlackTeam "Rhyfelwyr Essyllwg"]

1. e4 c6 2. d4 d5 3. Nd2 dxe4 4. Nxe4 Nf6 5. Nxf6+ exf6 6. c3 Bd6 7. Bd3 O-O 8.
Ne2 Re8 9. O-O Qc7 10. Ng3 g6 11. f4 f5 12. b3 Nd7 13. Qf3 Nf6 14. Bd2 Be6 15.
c4 Bf8 16. h3 Bg7 17. Bc3 Red8 18. Kh1 b5 19. Rac1 bxc4 20. bxc4 Qb7 21. Rf2
Ne8 22. Rb2 Qc7 23. Ne2 Rac8 24. Rcb1 Nd6 25. c5 Nb5 26. Bxb5 cxb5 27. Rxb5 Bd5
28. Qf2 Re8 29. R5b2 Re4 30. Ng3 Rxf4 31. Qe3 Rh4 32. Ne2 Bh6 33. Ba5 Bxe3 34.
Bxc7 Rxc7 35. Kh2 Bxd4 36. Rb8+ Kg7 37. g3 Re4 38. Nf4 Rxc5 0-1

[Event "4NCL Division Three East"]
[Site "Warwick, ENG"]
[Date "2023.02.12"]
[Round "6.23"]
[White "Young, Alan"]
[Black "Punnett, Alan K"]
[Result "1-0"]
[WhiteElo "2062"]
[BlackElo "2146"]
[PlyCount "101"]
[EventDate "2023.02.12"]
[WhiteTeam "Rhyfelwyr Essyllwg"]
[BlackTeam "Guildford Castles"]

1. e4 e6 2. d4 d5 3. Nc3 Nf6 4. Bg5 dxe4 5. Nxe4 Be7 6. Bxf6 gxf6 7. Nf3 f5 8.
Nc3 a6 9. g3 c5 10. d5 Bf6 11. Qd2 e5 12. h4 O-O 13. Bg2 b5 14. a3 Nd7 15. O-O
Nb6 16. Rad1 Bb7 17. Ng5 Nc4 18. Qc1 h6 19. Nf3 Kg7 20. Nd2 Nd6 21. Rfe1 Rc8
22. Nf1 b4 23. Ne2 a5 24. c4 bxc3 25. Nxc3 Ba6 26. Ne3 Rb8 27. Bh3 Bc8 28. Bg2
Bd7 29. Bf1 Qb6 30. Rd2 Qb3 31. Ne2 Ne4 32. Rc2 f4 33. gxf4 exf4 34. Nxf4 Bxb2
35. Qd1 Kh7 36. Bd3 Rg8+ 37. Kh1 f5 38. Qh5 Be5 39. Nxf5 Bxf4 40. Nxh6 Rg6 41.
Nf5+ Bh6 42. Nxh6 Rbb6 43. Nf5+ Kg8 44. Ne7+ Kg7 45. Qe5+ Rbf6 46. Qxe4 Bg4 47.
f4 Rh6 48. Rh2 c4 49. Qg2 Rxf4 50. Be2 Qe3 51. Qxg4+ 1-0

[Event "4NCL Division Three East"]
[Site "Warwick, ENG"]
[Date "2023.02.12"]
[Round "6.24"]
[White "White, Nigel"]
[Black "Heaven, Pete"]
[Result "0-1"]
[WhiteElo "2094"]
[BlackElo "1942"]
[PlyCount "92"]
[EventDate "2023.02.12"]
[WhiteTeam "Guildford Castles"]
[BlackTeam "Rhyfelwyr Essyllwg"]

1. e4 c5 2. Nf3 d6 3. d4 cxd4 4. Nxd4 e5 5. Nb5 a6 6. N5c3 Nf6 7. Bg5 Be7 8.
Bxf6 Bxf6 9. Nd5 Nc6 10. Nbc3 O-O 11. a4 Be6 12. Bc4 Nb4 13. O-O Nxd5 14. Bxd5
Qc7 15. Qd3 Rac8 16. Rfd1 Rfd8 17. Ra3 Bxd5 18. Qxd5 Qc4 19. Rb3 Qxd5 20. Rxd5
Rd7 21. Kf1 Bd8 22. Ke2 g6 23. Kd3 Kf8 24. g3 Ke7 25. Nd1 Ke6 26. h4 f5 27. f3
Rc6 28. c4 h5 29. exf5+ gxf5 30. Ne3 Rg7 31. g4 hxg4 32. fxg4 fxg4 33. h5 g3
34. Ng2 Rh7 35. Ke2 Rxc4 36. Rd2 Bg5 37. Rdd3 Bf4 38. Rb6 Rc6 39. Rdb3 Rxb6 40.
Rxb6 Rxh5 41. Rxb7 Rh1 42. b4 Rb1 43. Rb6 Rb2+ 44. Kf1 Rf2+ 45. Kg1 Ra2 46.
Rxa6 Ra1+ 0-1

[Event "4NCL Division Three East"]
[Site "Warwick, ENG"]
[Date "2023.02.12"]
[Round "6.25"]
[White "Ralphs, Nigel"]
[Black "Shepley, Julien M"]
[Result "1/2-1/2"]
[WhiteElo "1965"]
[BlackElo "1970"]
[PlyCount "112"]
[EventDate "2023.02.12"]
[WhiteTeam "Rhyfelwyr Essyllwg"]
[BlackTeam "Guildford Castles"]

1. c4 e5 2. Nc3 Nf6 3. Nf3 Nc6 4. e3 Be7 5. Qb3 d6 6. Be2 O-O 7. O-O a6 8. d3
Bd7 9. Bd2 Qc8 10. Rac1 Re8 11. Nd5 Bf8 12. Ng5 h6 13. Nxf6+ gxf6 14. Ne4 Bg7
15. Qd1 Qd8 16. Ng3 f5 17. Bc3 Kh7 18. Bf3 Bh8 19. b4 Qg5 20. a4 Rg8 21. b5 Nd8
22. Re1 Be6 23. Nf1 c6 24. bxc6 bxc6 25. g3 d5 26. cxd5 cxd5 27. e4 dxe4 28.
dxe4 f4 29. Qd6 h5 30. Bd2 h4 31. Rc7 Rg6 32. Qe7 Bf6 33. Qf8 Rg8 34. Qc5 hxg3
35. fxg3 Qg6 36. Qf2 Rb8 37. Rc2 Rb3 38. Kh1 Kh8 39. Rec1 Bh3 40. Rc3 Rxc3 41.
Bxc3 Bxf1 42. Qxf1 fxg3 43. Qh3+ Qh7 44. Qxh7+ Kxh7 45. Rg1 gxh2 46. Rxg8 Kxg8
47. Be2 Nb7 48. Bxa6 Nc5 49. Bb5 Nxe4 50. Bb4 Bd8 51. a5 Bxa5 52. Bxa5 Kg7 53.
Bc7 Kf6 54. Kxh2 Kf5 55. Kg2 Kf4 56. Be8 f5 1/2-1/2

[Event "4NCL Division Three East"]
[Site "Warwick, ENG"]
[Date "2023.02.12"]
[Round "6.26"]
[White "Stimpson, Philip M"]
[Black "Trevelyan, John"]
[Result "1/2-1/2"]
[WhiteElo "1926"]
[BlackElo "1882"]
[PlyCount "37"]
[EventDate "2023.02.12"]
[WhiteTeam "Guildford Castles"]
[BlackTeam "Rhyfelwyr Essyllwg"]

1. e4 d6 2. d4 Nf6 3. Nc3 e5 4. dxe5 dxe5 5. Qxd8+ Kxd8 6. Bg5 c6 7. f4 Be7 8.
Nf3 exf4 9. Bc4 Ke8 10. Bxf4 Bg4 11. O-O Nbd7 12. h3 Be6 13. Bxe6 fxe6 14. Rad1
Rf8 15. Bd6 Bxd6 16. Rxd6 Ke7 17. Rfd1 Rfd8 18. Ng5 Nf8 19. Rxd8 1/2-1/2